000
00242 a2200121 4500
020
_a
7509994008106
020
_a
9684167016
041
_a
spa
100
_a
Anonimo
245
_a
De la selva Virgen al Carbon
942
_c
BK
999
_c
14938
_d
14938
999
_d
14938